000 00668nam a2200253Ia 4500
003 OSt
005 20221006145012.0
006 a|||||r|||| 00| 0
007 ta
008 221006b |||||||| |||| 00| 0 eng d
020 _c143.00
024 _a13,466
037 _cTextual
040 _aEASL
_cEASL
_beng
041 _2eng
_aeng
082 _aV4446.N7, L8
100 _aRAO P Raghunadha
_9104111
245 0 _aSikkim
_b Story of its integration with India
260 _aNew Delhi
_bCosmo Pub.
_c1978
300 _a140p.
_ccm.
490 _v Oth
942 _hV4446.N7, L8
_cTEXL
_2CC
999 _c1081552
_d1081552